000 00605nam a2200229Ia 4500
003 OSt
005 20220928111311.0
006 a|||||r|||| 00| 0
007 ta
008 220927b |||||||| |||| 00| 0 eng d
024 _a31373
037 _cTextual
040 _aSDCL
_cSDCL
_beng
041 _2eng
_aeng
082 _aO1511:g(V4498), H7
100 _aLaw B C
_9423076
245 0 _aOn the chronicles of Ceylon.
260 _aDelhi
_bSri Satguru Publication
_c1947
300 _a71p.
_ccm.
942 _hO1511:g(V4498), H7
_cTEXL
_2CC
999 _c739555
_d739555